000 00530cam a22001337a 4500
008 180718b1972 xxu||||| |||| 00| 0 eng d
082 _aA81x54 In2/71/19/5/PT10A&B/D
100 _aCensus of India 1971
245 _aTamil Nadu district census handbook, Dharmapuri: village and town directory and primary census abstract
260 _aMadras
_bDirector of Stationery and Printing
_c1972
300 _a2 Parts
440 _aCensus of India 1971. Series-19, Tamil Nadu. Part X (A & B)
500 _aContents: Pt. 1. 207+p.;Pt. 2. 361p.
999 _c485507
_d485507